004600000a2200073000450024500350000030000610003552002410009677300490033710aUna semilla en tierra fértil aVol.0, núm.3 (Octubre-diciembre, 2004) Páginas 12-13 aEn dos años de funcionamiento, el Centro Piloto de Formación Técnica y Tecnológica de Roldanillo ha logrado disminuir deserción y repitencia. El modelo se construye a toda marcha, con la tenacidad de profesores y estudiantes.0 tEducación superior : Boletín informativo